| 000 | 00393nam a22001217a 4500 | ||
|---|---|---|---|
| 999 |
_c15150 _d15150 |
||
| 008 | 200305b ||||| |||| 00| 0 eng d | ||
| 100 |
_941903 _aRamos, Marlon. |
||
| 245 |
_aCreation of courts to try juvenile offenders pushed/ _cMarlon Ramos. |
||
| 260 |
_aPhilippines; _bPhilippine Daily Inquirer, _c©2019. |
||
| 300 |
_apage A7; _c29.5cm. |
||
| 650 |
_aChild welfare. _941904 |
||
| 942 |
_2ddc _cPER |
||